Регионална библиотека "Любен Каравелов" - Русе

Въпроси на апелативното обжалване по граждански дела (Запис номер 13272)

MARC детайли
000 -Лидер
Контролно поле с фиксирана дължина 01695nam a2200337 c 4500
003 - Код на организацията, давaща контролен номер
Контролно поле BLK
005 - Дата и час на последна редакция
Контролно поле 20180420214831.0
008 - Елементи от данни с фиксирана дължина
fixed length control field 180412b bul|||||r ||||||| ||bul||
010 ## - Наследен системен номер
LC control number KNG00014907000
020 ## - Международен стандартен номер на книга ISBN
Международен стандартен номер на книга ISBN 954-8223-30-9
-- издат.: Унив. изд. Св. Климент Охридски
040 ## - Източник на каталожния запис
Идентификатор на билиотеката - собственик на записа BLK
041 ## - Код за език
Код за езика на текст/звукозапис или на отделно заглавие Български
Код за езика КДБФ Български
080 ## - УДК
Текстов определител УДК Гражданско съдопроизводство. Граждански процес. - Видове гражданско съдопроизводство:арбитражна, опростени процедури за по-дребни случаи, формалности при съдебна процедура, разследване, доказване
УДК код - определител по УДК 347.91/.95
УДК определител
УДК - код + определител 347.91/.95
100 1# - Редна дума - Автор
Автор Мингова, Анелия Йорданова
Авторска отговорност първи автор
R(LIN) 258215
139 ## - Редно поле
Редна дума Мингова, Анелия Йорданова
Авторски знак Мин - М 62
245 10 - Сведения за заглавието
Заглавие Въпроси на апелативното обжалване по граждански дела
Редно поле (дума) Анелия Йорданова Мингова.
257 ## - Страна на издаване
Страна на създаване/издаване България
260 ## - Област на издателските данни
-- София
Име на издателя, разпространителя и проч. Унив. изд. Св. Климент Охридски
Година на издаване 1996
300 ## - Физическа характеристика
Страници 184 с.
Размери/Мащаб 22 см
380 ## - Жанр
Жанр Обществени науки
500 ## - Общи забележки
Забележка Деп. списък: 43 ; 150 тир
650 #4 - Допълнително описание по предмет – тема
Основно описание – тема или топоним Съдебни решения - обжалване
9 (RLIN) 258216
650 #4 - Допълнително описание по предмет – тема
Основно описание – тема или топоним Съдопроизводство
9 (RLIN) 172947
653 ## - Ключова дума – ненормативна
Ключова дума съдебни решения
653 ## - Ключова дума – ненормативна
Ключова дума гражданско съдопроизводство
852 ## - Местоположение
Форматна сигнатура Цб 190786
856 4# - Електронен адрес и достъп
Електронен формат pdf - файл
Път до файла /url/
856 4# - Електронен адрес и достъп
Електронен формат pdf - файл
Път до файла /url/
942 ## - АРТИКУЛИ
Вид на библиотечния материал Книги
Скрит в OPAC Не
944 ## - СЪЗДАВАНЕ И РЕДАКЦИЯ на ЗАПИСА
Създаване/Редакция Създаване
Дата на регистрацията/редакция 15.01.2003
Служител, извършил регистрацията/редакцията Кети_Илиева
944 ## - СЪЗДАВАНЕ И РЕДАКЦИЯ на ЗАПИСА
Създаване/Редакция Редакция
Дата на регистрацията/редакция 27.08.2015
Служител, извършил регистрацията/редакцията Валя_Йорданова
999 ## - СИСТЕМНИ КОНТРОЛНИ НОМЕРА
Koha biblionumber 13272
Koha biblioitemnumber 13272
Наличности
Код за отписване Код за изгубен артикул Източник на класификационната схема Код за повреда Коз за рестрикции Код за отдаване Артикулен № Име на библиотеката - собственик Име на библиотеката, в която се намира в момента Статус (Текущо местоположение) Дата на вписване в системата Местоположение - отдел Цена в лева Инвентарен номер Систематично азбучна сигнатура Баркод Номер на екземпляра Цена в евро Служебен тип на артикула Служебна бележка
  Не е изгубен Universal Decimal Classification Не е повреден без рестрикции ползва се в читалня 22822 Регионална библиотека "Любен Каравелов" Русе Регионална библиотека "Любен Каравелов" Русе Хранилище 2001-01-01 Хранилище 0.00 627780 Цб 190786 120000627780 1 0.00 Книги  
  Не е изгубен Universal Decimal Classification Не е повреден без рестрикции ползва се в читалня 22823 Регионална библиотека "Любен Каравелов" Русе Регионална библиотека "Любен Каравелов" Русе Читалня 2001-01-01 Читалня 3.60 628143 Ч 347/М 62 120000628143 2 1.84 Книги Дата инв: 14.03.2017 Бележки инв: Ч2017
Vip Innovations Ltd, Rousse, Bulgaria 2025